Loading...

The romantic imagination/

Bibliografiske detaljer
Hovedforfatter: Bowra, C. M.
Format: Printed Book
Sprog:English
Udgivet: London: OUP, 1950
LEADER 00463nam a22001337a 4500
008 190930b ||||| |||| 00| 0 eng d
999 |c 343932  |d 343932 
082 |2 821.709 
100 |a Bowra, C. M. 
245 |a The romantic imagination/  |c C. M. Bowra 
260 |a London:  |b OUP,  |c 1950 
300 |a 306p. 
942 |c BK 
952 |0 0  |1 0  |2 ddc  |4 0  |6 821_709000000000000_BOW_R  |7 0  |9 395245  |a ENG  |b ENG  |c ST1  |d 2019-09-30  |i 9860  |l 1  |o 821.709 BOW/R  |p ENG9860  |r 2019-10-04  |s 2019-09-30  |w 2019-09-30  |y BK